书目信息 |
| 题名: |
方舆
|
|
| 作者: | 王胜三 , 浦善新 主编 ;民政部 , 中国地名学会 编 | |
| 分册: | 1602 | |
| 出版信息: | 北京 中国社会出版社 2016 |
|
| 页数: | 231页 | |
| 开本: | 26cm | |
| 丛书名: | ||
| 单 册: | ||
| 中图分类: | K928.2 | |
| 科图分类: | ||
| 主题词: | 行政区划--研究--中国 , 地名--研究--中国 | |
| 电子资源: | ||
| ISBN: | 978-7-5087-5478-9 | |
| 000 | 01054nam0 2200277 450 | |
| 001 | 012001005294 | |
| 005 | 20141008140246.0 | |
| 010 | @a978-7-5087-5478-9@dCNY50.00 | |
| 100 | @a20180819d2016 em y0chiy50 ea | |
| 101 | 0 | @achi |
| 102 | @aCN@b110000 | |
| 105 | @ay z 000yy | |
| 106 | @ar | |
| 200 | 1 | @a方舆@9fang yu@e行政区划与地名@h1602@f王胜三,浦善新主编@g民政部地名研究所,中国地名学会编 |
| 210 | @a北京@c中国社会出版社@d2016 | |
| 215 | @a231页@d26cm | |
| 330 | @a本书从方舆传真、地名探赜、数字方舆、地方风物等方面探讨交流区划与地名的实际工作,从高层声音、特别关注、专家观点、权威视界等方面分析区划与地名工作的意义、价值,并分析存在的问题及给出解决的方法。 | |
| 606 | 0 | @a行政区划@x研究@y中国 |
| 606 | 0 | @a地名@x研究@y中国 |
| 690 | @aK928.2@v5 | |
| 701 | 0 | @a王胜三@9wang sheng san@f(1962-)@4主编 |
| 701 | 0 | @a浦善新@9pu shan xin@f(1963-)@4主编 |
| 712 | 02 | @a民政部@9min zheng bu@b地名研究所@4编 |
| 712 | 02 | @a中国地名学会@9zhong guo di ming xue hui@4编 |
| 801 | 0 | @aCN@b上海新华@c20180901 |
| 905 | @b1173474-7@dK928.2@e1140@f4 | |
| 方舆:行政区划与地名.1602/王胜三,浦善新主编/民政部地名研究所,中国地名学会编.-北京:中国社会出版社,2016 |
| 231页;26cm |
| ISBN 978-7-5087-5478-9:CNY50.00 |
| 本书从方舆传真、地名探赜、数字方舆、地方风物等方面探讨交流区划与地名的实际工作,从高层声音、特别关注、专家观点、权威视界等方面分析区划与地名工作的意义、价值,并分析存在的问题及给出解决的方法。 |
| ● |
| 相关链接 |
|
|
|
|
正题名:方舆
索取号:K928.2/1140
 
预约/预借
| 序号 | 登录号 | 条形码 | 馆藏地/架位号 | 状态 | 备注 |
| 1 | 1173474 | 211734747 | 第二样本阅览室/ [索取号:K928.2/1140] | 在馆 | |
| 2 | 1173475 | 211734756 | 密集书库-史法系/ [索取号:K928.2/1140] | 在馆 | |
| 3 | 1173476 | 211734765 | 第二借阅区/ [索取号:K928.2/1140] | 在馆 | |
| 4 | 1173477 | 211734774 | 第二借阅区/ [索取号:K928.2/1140] | 在馆 |